| 000 | 01421nam a22002537a 4500 | ||
|---|---|---|---|
| 001 | 79261 | ||
| 003 | BD-RjUL | ||
| 005 | 20251126130204.0 | ||
| 008 | 220127b2014ben |||a|||| m||| 00| 0 ben d | ||
| 035 | _a(BD-RjUL) 79261 | ||
| 040 |
_aBD-RjUL _bben / eng _cBD-RjUL _dBD-RjUL |
||
| 041 | _aben | ||
| 082 |
_a338.47677 _bDEB 2014 _223 |
||
| 100 |
_aদেব, পিন্টু চন্দ্র _9925 |
||
| 245 | 1 | 0 |
_aবয়নশিল্প : _bপ্রেক্ষিত বাংলাদেশ / _cপিন্টু চন্দ্র দেব _6তত্ত্বাবধায়ক ; আবদুল, মতিন তালুকদার |
| 260 |
_aরাজশাহী : _bচারুকলা বিভাগ, রাজশাহী বিশ্ববিদ্যালয়, _c২০১৪ |
||
| 300 |
_axxiii, ৫০৫ পাতা : _bচিএ ; _c৩০ সেমি. |
||
| 502 | _aথিসিস (পিএইচ. ডি.) -- চারুকলা বিভাগ, রাজশাহী বিশ্ববিদ্যালয়, ২০১৪ | ||
| 504 | _aগ্রন্থপঞ্জি পাতা : [৪৮৭] - ৫০৫ | ||
| 650 |
_aবয়নশিল্প _zবাংলাদেশ _9926 |
||
| 650 |
_aHandloom industry _zBangladesh _9927 |
||
| 700 |
_aতালুকদার, আবদুল মতিন, তত্ত্বাবধায়ক _9928 |
||
| 942 |
_2ddc _cTHE |
||
| 999 |
_c79261 _d79261 |
||